| 000 | 00489nam a22001697a 4500 | ||
|---|---|---|---|
| 003 | OSt | ||
| 008 | 221231b ||||| |||| 00| 0 eng d | ||
| 020 | _a9788120326154 | ||
| 082 | _a658.49 PUI | ||
| 100 | _aPUMMETT,Betty Jame | ||
| 245 | _aInternational Perspectives on Organizational Behavior and Human Resource Management | ||
| 250 | _aRep | ||
| 260 |
_aNew Delhi _bPHI _c2009 |
||
| 300 | _a285 | ||
| 650 | _a Organizational Behavior and Human resource management | ||
| 942 |
_2ddc _cREF |
||
| 999 |
_c11626 _d11626 |
||